=LDR 00000nam 2200000 4500 =001 INLIS000000000044701 =005 20131008110543 =008 ***********************************Ind** =035 ##$$0010-101300000002623 =041 ##$$a Ind =082 ##$$a 620.82 =090 ##$$a 620.82, Bra l =100 ##$$a Brata, Kamir R =245 ##$$a Lubang resapan biopori/Kamir R. Brata, Anne Nelistya =260 ##$$a 2011 $b Jakarta =300 ##$$a 75 hlm., ilus., 23 cm =650 ##$$a Bioteknologi =700 ##$$a Nelistya, Anne =850 ##$$a NBPNMAT